Historia de las mujeres en occidente

Saved in:
Bibliographic Details
Main Authors: Duby, Georges (Author), Perrot, Michelle (Author)
Format: Book
Language:Spanish
Published: Madrid Taurus 1992
Subjects:
Tags: Add Tag
No Tags, Be the first to tag this record!

MARC

LEADER 00000nam a2200000 a 4500
001 UCY0534
003 CL-VaPUC
008 940804e19920000SP |||||||||||||||||spa|d
082 0 4 |a 305.409  |b DUB  |2 21 
100 0 |a Duby, Georges  |e author  |9 328284 
700 0 |a Perrot, Michelle  |e author  |9 328285 
245 1 0 |a Historia de las mujeres en occidente 
300 |a v 
942 |c BK 
945 |d 19940804 00:00:00  |a oaravena 
260 |a Madrid  |b Taurus  |c 1992 
500 |a v.3: La Edad Media: la mujer en la familia y en la sociedad 
500 |a v.4: La Edad Media: huellas, imágenes y palabras 
500 |a v.5: Del Renacimiento a la Edad moderna: los trabajos y los días 
500 |a v.6: Del Renacimiento a la Edad Moderna. Discurso y disidencias 
500 |a v.7: El siglo XIX: la ruptura política y los nuevos modelos sociales 
500 |a v.8: El siglo XIX: cuerpo, trabajo y modernidad 
650 7 |a MUJERES HISTORIA  |2 CL-VaPUC  |9 319594 
650 7 |a EDAD MEDIA MUJERES  |2 CL-VaPUC  |9 328286 
650 7 |a RENACIMIENTO MUJERES  |2 CL-VaPUC  |9 328287 
650 7 |a EDAD MODERNA MUJERES  |2 CL-VaPUC  |9 328288 
650 7 |a MUJERES SIGLO 19  |2 CL-VaPUC  |9 328289 
650 0 |a Aspectos sociales  |9 254894 
583 |a last modification  |c 20120903 03:26:39  |k Rodrigo Vera 
999 |c 229521  |d 229519 
952 |0 0  |1 0  |4 0  |6 305_409000000000000_DUB_1992  |7 0  |8 A  |9 230755  |a BIBHIS  |b BIBHIS  |d 2019-11-15  |h v.3  |i 3000028  |o 305.409 DUB 1992  |p 3000028  |r 2025-01-20  |w 2019-11-15  |y BK  |k HIS 
952 |0 0  |1 0  |4 0  |6 305_409000000000000_DUB_1992  |7 0  |8 A  |9 230756  |a BIBHIS  |b BIBHIS  |d 2019-11-15  |h v.4  |i 3000036  |l 4  |m 2  |o 305.409 DUB 1992  |p 3000036  |r 2025-04-15  |s 2025-04-03  |w 2019-11-15  |y BK  |k HIS 
952 |0 0  |1 0  |4 0  |6 305_409000000000000_DUB_1992  |7 0  |8 A  |9 230757  |a BIBHIS  |b BIBHIS  |d 2019-11-15  |h v.6  |i 3324990  |o 305.409 DUB 1992  |p 3324990  |r 2025-01-20  |w 2019-11-15  |y BK  |k HIS 
952 |0 0  |1 0  |4 0  |6 305_409000000000000_DUB_1992  |7 0  |8 A  |9 230758  |a BIBEDU  |b BIBEDU  |d 2019-11-15  |h v.5  |i 3536610  |o 305.409 DUB 1992  |p 3536610  |r 2019-11-15  |w 2019-11-15  |y BK  |k LIT 
952 |0 0  |1 0  |4 0  |6 305_409000000000000_DUB_1992  |7 0  |8 A  |9 230759  |a BIBEDU  |b BIBEDU  |d 2019-11-15  |h v.8  |i 3536645  |l 2  |o 305.409 DUB 1992  |p 3536645  |r 2022-08-22  |s 2022-07-20  |w 2019-11-15  |y BK  |k LIT 
952 |0 0  |1 0  |4 0  |6 305_409000000000000_DUB_1992  |7 0  |8 A  |9 230760  |a BIBCUR  |b BIBCUR  |d 2019-11-15  |h v.1  |i 4369130  |o 305.409 DUB 1992  |p 4369130  |r 2025-04-22  |w 2019-11-15  |y BK  |k PER 
952 |0 0  |1 0  |4 0  |6 305_409000000000000_DUB_1992  |7 0  |8 A  |9 230761  |a BIBCUR  |b BIBCUR  |d 2019-11-15  |h v.2  |i 4369149  |l 1  |o 305.409 DUB 1992  |p 4369149  |r 2025-04-22  |s 2024-04-10  |w 2019-11-15  |y BK  |k PER 
952 |0 0  |1 0  |4 0  |6 305_409000000000000_DUB_1992  |7 0  |8 A  |9 230762  |a BIBCUR  |b BIBCUR  |d 2019-11-15  |h v.3  |i 4369157  |o 305.409 DUB 1992  |p 4369157  |r 2025-04-22  |w 2019-11-15  |y BK  |k PER 
952 |0 0  |1 0  |4 0  |6 305_409000000000000_DUB_1992  |7 0  |8 A  |9 230763  |a BIBCUR  |b BIBCUR  |d 2019-11-15  |h v.4  |i 4369165  |l 2  |m 1  |o 305.409 DUB 1992  |p 4369165  |r 2025-04-22  |s 2022-10-21  |w 2019-11-15  |y BK  |k PER